| 000 | 00765nam a22002177a 4500 | ||
|---|---|---|---|
| 003 | OSt | ||
| 005 | 20131129095654.0 | ||
| 008 | 130514s1995 sp ||||| |||| 00| 0 spa d | ||
| 020 | _a8487155588 | ||
| 040 | _cCDMR | ||
| 100 | 1 |
_91430 _aSinova, Justino |
|
| 245 | 1 | 3 |
_aEl poder y la prensa _b: el control político de la información en la España felipista _cJustino sinova |
| 260 |
_aBarcelona _bEdiciones Internacionales Universitarias _cDL 1995 |
||
| 300 | _a205 p. | ||
| 490 | 0 | _aPolítica, Cultura y Sociedad | |
| 650 | 0 | 4 |
_93110 _aComunicació audiovisual pública |
| 650 | 0 | 4 |
_93085 _aMitjans de comunicació de massa _xPolítica governamental |
| 650 | 0 | 4 |
_93246 _aEspanya _xPolítica |
| 650 | 0 | 4 |
_94358 _aEspanya _xPolítica de la comunicació |
| 942 |
_2udc _cMON |
||
| 999 |
_c6237 _d6237 |
||